Pla de reestructuració de l'Escola Universitària d'Enginyeria Tècnica en Teixits de Punt
Descripción Física:
87 p. ; 29 cm
MARC
| LEADER | 00000nam a2200000Ia 4500 | ||
|---|---|---|---|
| 001 | 8922 | ||
| 008 | 160829s1981 xx 000 0 cat d | ||
| 080 | |a E-1-25 | ||
| 110 | 2 | |a Escola Universitària d'Enginyeria Tècnica en Teixits de Punt (Canet de Mar) |9 54348 | |
| 245 | |a Pla de reestructuració de l'Escola Universitària d'Enginyeria Tècnica en Teixits de Punt | ||
| 260 | |a Canet de Mar : |b l'Escola, |c 1981 | ||
| 300 | |a 87 p. ; |c 29 cm | ||
| 650 | |a Escola Universitària d'Enginyeria Tècnica en Teixits de Punt (Canet de Mar) | ||
| 901 | |a Arxiu | ||
| 942 | |n 1 | ||
| 952 | |0 0 |1 0 |4 0 |6 E125 |7 1 |9 43223 |a Arxiu |b Arxiu |d 2016-12-01 |l 0 |o E-1-25 |p 8922 |r 2016-12-01 00:00:00 |w 2016-12-01 |y ARXIU | ||
| 999 | |c 45767 |d 45767 | ||